Movies Quiz

Random Movies or Superhero Quiz

Justice League Picture Click Quiz Stats

 Plays Quiz Updated Nov 29, 2017

Also try: Batman Movies
Challenge
Share
Tweet
Score 0/6 Timer 02:00
2 Plays Today
% Correct
Superman
98.6%
The Flash
98.5%
Wonder Woman
98.4%
Batman
98.1%
Cyborg
98%
Aquaman
97.2%

You're not logged in!

Compare scores with friends on all Sporcle quizzes.
Join for Free
OR
Log In

You Might Also Like...

Show Comments

Extras

Top Quizzes Today


Score Distribution

Your Account Isn't Verified!

In order to create a playlist on Sporcle, you need to verify the email address you used during registration. Go to your Sporcle Settings to finish the process.

Report this User

Report this user for behavior that violates our Community Guidelines.

Details: